| 000 | 00805cab a2200265 4500 | ||
|---|---|---|---|
| 001 | ABS54933 | ||
| 008 | 090401t1996 xxu||||| |||| 00| 0 eng d | ||
| 035 | _a(Sirsi) u13204 | ||
| 041 | _aeng | ||
| 100 | _aMeen, G. | ||
| 245 | _aTen propositions in UK housing macroeconomics | ||
| 260 | _c1996 | ||
| 350 | _a0 | ||
| 490 |
_aUrban Studies _v33(3) 1996, 425-444(19) |
||
| 520 | _aA study of the ways in which the economy as a whole interacts with housing including the labour market, house prices, taxation, interest rates and the ERM. | ||
| 650 | _aEXCHANGE RATE MECHANISM | ||
| 650 | _aHOUSE PRICES | ||
| 650 | _aHOUSING DEMAND | ||
| 650 | _aINTERST RATES | ||
| 650 | _aMACROECONOMICS | ||
| 650 | _aPROPERTY CYCLES | ||
| 690 | _aECONOMIC AND SOCIAL | ||
| 942 | _n0 | ||
| 948 | _c04/03/1997 | ||
| 999 |
_c8498 _d8498 |
||